000 00578nam a2200181 i 4500
001 79305
003 ES-MaACL
005 20251110063220.0
007 t|
008 041020s1905 cu ||||1| spa d
080 _a821.134.2(729.3)-4"19"
100 _aHenríquez Ureña, Pedro,
_d1884-1946
_9176516
245 1 0 _aEnsayos críticos /
_cPedro Enríquez Ureña.
260 _aLa Habana :
_b[s.n.],
_c1905 (
_fImpr. de Esteban Fernández)
300 _a116 p. ;
_c17 cm.
852 _aES-MaACL
_jT-1086-F-1
_z.- Dedicatoria manuscria del autor
999 _c79305
_d79305